<?xml version="1.0" encoding="UTF-8"?>
<record
    xmlns:xsi="http://www.w3.org/2001/XMLSchema-instance"
    xsi:schemaLocation="http://www.loc.gov/MARC21/slim http://www.loc.gov/standards/marcxml/schema/MARC21slim.xsd"
    xmlns="http://www.loc.gov/MARC21/slim">

  <leader>00937nam a22002537a 4500</leader>
  <controlfield tag="005">20170123162312.0</controlfield>
  <datafield tag="010" ind1=" " ind2=" ">
    <subfield code="a">B-209141</subfield>
  </datafield>
  <datafield tag="020" ind1=" " ind2=" ">
    <subfield code="c">70.00</subfield>
  </datafield>
  <datafield tag="035" ind1=" " ind2=" ">
    <subfield code="a">B-209141</subfield>
  </datafield>
  <datafield tag="037" ind1=" " ind2=" ">
    <subfield code="b">Cen Lib/Ret</subfield>
  </datafield>
  <datafield tag="040" ind1=" " ind2=" ">
    <subfield code="a">DPL</subfield>
    <subfield code="b">UR</subfield>
  </datafield>
  <datafield tag="082" ind1=" " ind2=" ">
    <subfield code="a">841.08</subfield>
    <subfield code="b">&#x645; &#x648; &#x645;</subfield>
  </datafield>
  <datafield tag="100" ind1=" " ind2=" ">
    <subfield code="a">&#x633;&#x627;&#x6CC;&#x6CC;&#x688; &#x627;&#x645;&#x62A;&#x6CC;&#x627;&#x632; &#x627;&#x62D;&#x645;&#x62F; &#x627;&#x634;&#x631;&#x641;&#x6CC; </subfield>
    <subfield code="9">111818</subfield>
  </datafield>
  <datafield tag="245" ind1=" " ind2=" ">
    <subfield code="a">&#x645;&#x637;&#x627;&#x644;&#x639; &#x645;&#x648;&#x645;&#x646; &#x6A9;&#x627; &#x627;&#x6CC;&#x6A9; &#x6AF;&#x645;&#x634;&#x62F;&#x6C1; &#x62D;&#x648;&#x627;&#x644;&#x6C1; </subfield>
    <subfield code="c">&#x633;&#x627;&#x6CC;&#x6CC;&#x688; &#x627;&#x645;&#x62A;&#x6CC;&#x627;&#x632; &#x627;&#x62D;&#x645;&#x62F; &#x627;&#x634;&#x631;&#x641;&#x6CC; </subfield>
    <subfield code="b"> </subfield>
  </datafield>
  <datafield tag="246" ind1=" " ind2=" ">
    <subfield code="a">Mutala-e-momin ka ek gumshuda hawala /</subfield>
    <subfield code="b">by Sayyed Imtiyaz Ahmad Ashrafi </subfield>
  </datafield>
  <datafield tag="260" ind1=" " ind2=" ">
    <subfield code="a">&#x639;&#x644;&#x6CC;&#x6AF;&#x691;&#x6BE; </subfield>
    <subfield code="b">&#x627;&#x6CC;&#x62C;&#x648;&#x6A9;&#x6CC;&#x634;&#x646; &#x628;&#x6A9; &#x6C1;&#x627;&#x624;&#x633; </subfield>
    <subfield code="c">2005</subfield>
  </datafield>
  <datafield tag="270" ind1=" " ind2=" ">
    <subfield code="b">&#x639;&#x644;&#x6CC;&#x6AF;&#x691;&#x6BE; </subfield>
    <subfield code="a">&#x634;&#x645;&#x634;&#x627;&#x62F; &#x645;&#x627;&#x631;&#x6A9;&#x6CC;&#x679; </subfield>
  </datafield>
  <datafield tag="300" ind1=" " ind2=" ">
    <subfield code="a">111p.</subfield>
    <subfield code="c">21cm(Hb)</subfield>
  </datafield>
  <datafield tag="650" ind1=" " ind2=" ">
    <subfield code="a"> &#x627;&#x62F;&#x628; - &#x627;&#x631;&#x62F;&#x648;</subfield>
    <subfield code="9">111819</subfield>
  </datafield>
  <datafield tag="650" ind1=" " ind2=" ">
    <subfield code="a"> &#x627;&#x631;&#x62F;&#x648; &#x634;&#x627;&#x639;&#x631;&#x6CC; &#x67E;&#x631; &#x62A;&#x646;&#x642;&#x6CC;&#x62F;</subfield>
    <subfield code="9">107863</subfield>
  </datafield>
  <datafield tag="650" ind1=" " ind2=" ">
    <subfield code="a">Literature -- Urdu </subfield>
    <subfield code="9">111820</subfield>
  </datafield>
  <datafield tag="650" ind1=" " ind2=" ">
    <subfield code="a">Urdu poetry criticism  </subfield>
    <subfield code="9">107865</subfield>
  </datafield>
  <datafield tag="942" ind1=" " ind2=" ">
    <subfield code="2">ddc</subfield>
    <subfield code="c">UR</subfield>
    <subfield code="h">841.08</subfield>
    <subfield code="m">&#x641; &#x631; &#x627;</subfield>
  </datafield>
  <datafield tag="999" ind1=" " ind2=" ">
    <subfield code="c">106448</subfield>
    <subfield code="d">106448</subfield>
  </datafield>
  <datafield tag="952" ind1=" " ind2=" ">
    <subfield code="0">0</subfield>
    <subfield code="1">0</subfield>
    <subfield code="4">0</subfield>
    <subfield code="7">0</subfield>
    <subfield code="a">L</subfield>
    <subfield code="b">L</subfield>
    <subfield code="d">2015-12-21</subfield>
    <subfield code="e">Cen Lib/Ret</subfield>
    <subfield code="g">70.00</subfield>
    <subfield code="l">0</subfield>
    <subfield code="o">841.08 &#x645; &#x648; &#x645;</subfield>
    <subfield code="p">B-209141</subfield>
    <subfield code="r">2015-12-21 00:00:00</subfield>
    <subfield code="t">1</subfield>
    <subfield code="v">70.00</subfield>
    <subfield code="w">2015-12-21</subfield>
    <subfield code="y">UR</subfield>
  </datafield>
</record>
